Classement La Liga 2025-2026 - Statistiques

Statistiques générales
  • Ce quiz a été pris 24 fois
  • Le résultat moyen est 13 sur 20
Statistiques - réponses
Hint Réponse % Correct
4. (LDC) Atletico
100%
1. (Gagnant) Barcelone
100%
2. (LDC) Real
100%
3. (LDC) Villareal
95%
13. Seville
90%
19. (Relégué) Gerone
81%
5. (LDC) Real Betis
76%
10. Real sociedad
76%
9. Valence
71%
12. Athletic Bilbao
67%
7. (Europa Conference League) Getafe
57%
16. Levante
57%
18. (Relégué) Majorque
57%
6. (Europa League) Celta Vigo
52%
8. Rayo
52%
17. Osasuna
48%
20. (Relégué) Real Oviedo
43%
15. Elche
33%
14. Deportivo Alaves
29%
11. Espaniol
10%
Aucun quiz correspondant
Distribution des résultats
% des personnes avec chaque résultat
Percentile par nombre de réponses
Votre historique - résultats
Vous n’avez pas pris ce quiz